000 01020cam a2200277 a 4500
001 000019824
005 20240306073909.0
008 030424s2008 cu a b 010 0 spa d
020 _a9789592710757
040 _aDO-SdBNP
_bspa
_cLC
_dBNPHU
050 0 0 _aKGN330
_b.D53 2003
082 _ann*
_bnn*
100 1 _aDi Cagno, Vittorio.
_942312
245 1 0 _aMartí jurista /
_cVittorio di Cagno ; apéndice Pedro Verdecie Pérez ; presentación Luigi Lombardí Villauri ; prólogo Miguel Antonio D´ Estefano Pisani.
250 _a2a ed.
260 _aLa Habana :
_bCentro de Estudios Martianos,
_c2008.
300 _a318 p. :
_bil. ;
_c23 cm.
504 _aIncluye referencias bibliográficas al pie de las páginas.
650 0 _aLaw
_zCuba.
_942313
600 1 0 _aMartí, José,
_d1853-1895
_9645
700 1 _aLombardi Villari, Luigi.
_942314
700 1 _aVerdecie Pérez, Pedro.
_942315
700 1 _aD´ Estefano Pisani, Miguel Antonio,
_epról.
_942316
910 _aCatalogación derivada / LC
049 _aBNGR
999 _c19337
_d19337